000 00543nam a2200181Ia 4500
008 151018s9999 xx 000 0 und d
082 _bRBASDV61563
_a780
100 _aगर्ग प्रभुलाला
245 _aताल अंक
250 _b1
260 _bसंगीत कार्यालय
300 _a229
600 _aगर्ग प्रभुलाला
630 _aताल अंक
700 _aगर्ग प्रभुलाला
730 _aताल अंक
942 _cBOOK
999 _c1054870
_d1054867